000 00701nam a2200301Ia 4500
005 20260401122441.0
008 008 250103s9999 xx 000 0 eng d
020 _a9788125040477
037 _aTB
040 _aEDL
040 _beng
040 _cEDL
041 _2eng
041 _aeng
084 _a891.4435TAG
084 _qEDL
100 _aTagore, Rabindranath
245 0 _aKabuliwalla and other stories : Selections from Galpaguchha 1
245 0 _cTagore, Rabindranath
260 _aNew Delhi
260 _bOrient Blackswans
260 _c2010
300 _a287p
942 _cTB
942 _h891.4435TAG
999 _c1847358
_d1847358